000 00321nam a22001337a 4500
005 20240301113045.0
008 240301b ||||| |||| 00| 0 eng d
040 _cAL
041 _aEnglish
082 _223
_a530
_bRAOT
100 _aRao M A R
_9152522
245 _aTextbook of Pre-University Physics
942 _2ddc
_cBK
999 _c229944
_d229944